[Event "Fast Game"]
[Site "www.echecsemail.com"]
[Date "2016.01.21"]
[Round "1"]
[White "Fkarpov"]
[Black "Goosebumps"]
[WhiteElo "1950"]
[BlackElo "1990"]
[Result "1-0"]
[Round "1"]
1.d4 Ng8f6
2.c4 b6
3.Nb1c3 Bc8b7
4.e3 e6
5.Ng1f3 c5
6.d5 Qd8c7
7.Nc3b5 Qc7c8
8.dxe6 dxe6
9.Nf3e5 Nb8c6
10.Ne5xc6 Qc8xc6
{ time. }
1-0

[Event "Fast Game"]
[Site "www.echecsemail.com"]
[Date "2016.01.21"]
[Round "1"]
[White "Woody"]
[Black "Larsenchess"]
[WhiteElo "1599"]
[BlackElo "1599"]
[Result "1-0"]
[Round "1"]
1.e4 e5
2.Ng1f3 Nb8c6
3.Bf1b5 Ng8f6
4.O-O Nf6xe4
5.d4 Ne4d6
6.Bb5xc6 dxc6
7.dxe5 Nd6f5
8.Qd1xd8 Kxd8
9.Nb1c3 h6
10.Rf1d1  { time }
1-0

[Event "Tourn. n8569"]
[Site "www.chess-mail.com"]
[Date "2016.01.22"]
[Round "1"]
[White "Lino"]
[Black "Seger"]
[WhiteElo "2430"]
[BlackElo "2770"]
[Result "0-1"]
[Round "1"]
1.e4 c5
2.Ng1f3 d6
3.d4 cxd4
4.Nf3xd4 Nb8c6
5.Nb1c3 e5
6.Nd4b5 a6
7.Nb5a3 b5
 { time }
0-1

[Event "Tourn. n8461"]
[Site "www.chess-mail.com"]
[Date "2016.01.22"]
[Round "1"]
[White "Azulmarino"]
[Black "Iko"]
[WhiteElo "1750"]
[BlackElo "1710"]
[Result "0-1"]
[Round "1"]
1.e4 e5
2.Ng1f3 Nb8c6
3.a3 Ng8f6
4.Nb1c3 Bf8d6
5.Bf1c4 Bd6c5
6.h3 O-O
7.d3 d6
8.Bc1g5 h6
9.Bg5xf6 Qd8xf6
10.Nc3d5 Qf6d8
11.O-O Bc8e6
12.c3 Be6xd5
13.exd5 Nc6a5
14.d4 Na5xc4
15.dxc5 Nc4xb2
16.Qd1c2 Nb2c4
17.cxd6 Qd8xd6
18.g4 Nc4xa3
19.Qc2d3 Rf8e8
20.g5 e4
21.Qd3e2 exf3
22.Qe2xf3 hxg5
23.Qf3h5 Qd6h6
24.Qh5g4 Na3c2
25.Ra1d1 Re8e5
26.Rd1b1 Re5xd5
27.Rb1xb7 Rd5c5
28.Rf1c1 Rc5xc3
29.Rc1d1 Rc3xh3
30.Rb7xc7 Rh3h1
31.Kg2 Rh1xd1
32.Qg4xd1 { time. }
0-1

[Event "Tourn. n8566"]
[Site "www.chess-mail.com"]
[Date "2016.01.22"]
[Round "1"]
[White "Francesco"]
[Black "Genius5"]
[WhiteElo "1990"]
[BlackElo "1820"]
[Result "1-0"]
[Round "1"]
1.e4 c5
2.c3 d6
3.d4 cxd4
4.cxd4 Ng8f6
5.Nb1c3 g6
6.Bc1g5 Bf8g7
7.Ng1f3 O-O
8.Bf1c4 Nf6xe4
9.Nc3xe4 d5
10.Bc4b3  { time }
1-0

[Event "Tourn. n8522"]
[Site "www.chess-mail.com"]
[Date "2016.01.22"]
[Round "1"]
[White "Roque1"]
[Black "Azulmarino"]
[WhiteElo "1670"]
[BlackElo "1710"]
[Result "1-0"]
[Round "1"]
1.e4 e5
2.Ng1f3 Nb8c6
3.Bf1b5 h6
4.Nb1c3 d6
5.O-O Bc8d7
6.d3 Ng8f6
7.Bc1e3 Bd7g4
8.h3 Bg4h5
9.g4 Bh5g6
10.Nf3h4 a6
11.Nh4xg6 fxg6
12.Bb5c4 g5
13.Qd1f3 Nc6d4
14.Be3xd4 exd4
15.Nc3d5 Bf8e7
16.Nd5xf6 gxf6
17.Qf3f5 Rh8f8
18.Qf5g6 Kd7
19.Qg6xh6 Rf8h8
20.Qh6g6 Rh8xh3
21.Qg6f5 Kc6
22.Bc4d5 Kb6
23.Kg2 Qd8h8
24.Rf1h1 Rh3h4
25.a4 c6
26.Rh1xh4 gxh4
27.Bd5e6 h3
28.Kh2 Qh8h4
29.c3 d5
30.exd5 Be7d6
31.Kh1 dxc3
32.bxc3 Bd6c5
33.d4 Bc5d6
34.Ra1b1 Ka7
35.Be6c8 Bd6g3
36.Rb1xb7 
1-0

[Event "Tourn. n8583"]
[Site "www.chess-mail.com"]
[Date "2016.01.22"]
[Round "1"]
[White "Maredocla"]
[Black "Louis"]
[WhiteElo "2070"]
[BlackElo "1860"]
[Result "1-0"]
[Round "1"]
1.f4 d5
2.Ng1f3 g6
3.e3 Bf8g7
4.Bf1b5 c6
5.Bb5a4 Ng8f6
6.O-O O-O
7.d4 Bc8f5
8.h3 Nb8d7
9.Nb1d2 b5
10.Ba4b3 a5
11.a4 Nd7b6
12.Nf3e5 Qd8c7
13.c3 Nb6c4
14.Nd2xc4 bxc4
15.Bb3c2 Bf5xc2
16.Qd1xc2 c5
17.g4 Nf6e4
18.Ra1b1 f6
19.Ne5f3 e5
20.dxe5 fxe5
21.Qc2h2 Ra8e8
22.Nf3g5 Ne4xg5
23.fxg5 Rf8xf1
24.Kxf1 Qc7d7
25.Rb1a1 e4
26.Bc1d2 Bg7e5
27.Qh2g2 Re8f8
28.Ke2 Rf8f3
29.Bd2e1 d4
30.exd4 cxd4
31.Ra1d1 { resign }
1-0

[Event "Tourn. n8583"]
[Site "www.chess-mail.com"]
[Date "2016.01.22"]
[Round "1"]
[White "Hundegana"]
[Black "Maredocla"]
[WhiteElo "1900"]
[BlackElo "2070"]
[Result "0-1"]
[Round "1"]
1.c4 e5
2.e4 Bf8b4
3.Ng1f3 Nb8c6
4.a3 Bb4e7
5.b4 a6
6.Bc1b2 d6
7.h3 Ng8f6
8.d3 O-O
9.Nb1d2 b5
10.d4 bxc4
11.Bf1xc4 exd4
12.Nf3xd4 Nc6xd4
13.Bb2xd4 Bc8b7
14.f3 d5
15.exd5 Nf6xd5
16.Bc4xd5 Qd8xd5
17.Nd2e4 Qd5b5
18.Qd1e2 Be7h4
19.Kf1 Rf8e8
20.Qe2xb5 axb5
21.g3 Bb7xe4
22.gxh4 Be4xf3
23.Rh1h2 Ra8d8
24.Bd4c5 Bf3d5
25.Rh2e2 Bd5c4
26.Ra1e1 Bc4xe2
27.Re1xe2 Re8xe2
28.Kxe2 f5
29.Ke3 Kf7
30.h5 c6
31.h4 Ke6
32.Kf4 Rd8d2
33.Kg5 Ke5
34.h6 Rd2g2
35.Kh5 g6
{ resign }
0-1

[Event "Tourn. n8524"]
[Site "www.chess-mail.com"]
[Date "2016.01.22"]
[Round "1"]
[White "Tartan"]
[Black "Faerieking"]
[WhiteElo "2390"]
[BlackElo "2250"]
[Result "1-0"]
[Round "1"]
1.e4 d5
2.exd5 Ng8f6
3.d4 Bc8g4
4.f3 Bg4f5
5.c4 e6
6.dxe6 Bf8b4
7.Nb1c3 fxe6
8.a3 Bb4xc3
9.bxc3 O-O
10.Ng1e2 Nb8c6
11.a4 Nc6a5
12.Ne2g3 Bf5g6
13.Bf1e2 Qd8d7
14.Bc1a3 Rf8e8
15.O-O Qd7c6
16.c5 a6
17.Ba3b4 b6
18.Bb4xa5 bxa5
19.Be2c4 Nf6d5
20.Qd1d2 Kh8
21.Rf1e1 h6
22.Ng3e4 Re8f8
23.Ne4f2 Ra8e8
24.Nf2d3 Bg6xd3
25.Qd2xd3 { resign }
1-0

[Event "Tourn. n8533"]
[Site "www.chess-mail.com"]
[Date "2016.01.22"]
[Round "1"]
[White "Crull"]
[Black "Gatrooper"]
[WhiteElo "1600"]
[BlackElo "1620"]
[Result "1-0"]
[Round "1"]
1.d4 d5
2.c4 dxc4
3.Ng1f3 e6
4.Nb1c3 h6
5.Bc1f4 Bf8d6
6.e3 Bd6xf4
7.exf4 Ng8f6
8.Bf1xc4 Nb8c6
9.O-O a6
10.Qd1a4 Bc8d7
11.Qa4c2 Nf6g4
12.g3 Qd8f6
13.d5 exd5
14.Nc3xd5 Qf6d8
15.Rf1e1 Bd7e6
16.f5 Nc6e5
17.Nf3xe5 Ng4xe5
18.Re1xe5 Qd8d6
19.Ra1e1 O-O-O
20.fxe6 fxe6
21.Re5xe6 Qd6f8
22.Nd5e7 Kb8
23.Ne7g6 Qf8f6
24.Ng6xh8 Qf6f8
25.Qc2b3 Qf8xh8
26.Bc4xa6 b6
27.Qb3f3 c6
28.Qf3xc6 Rd8d7
29.Qc6xd7 Qh8c8
30.Qd7xc8 Ka7
31.Qc8b7 
1-0

[Event "Tourn. n8471"]
[Site "www.chess-mail.com"]
[Date "2016.01.22"]
[Round "1"]
[White "Nimzo"]
[Black "Seger"]
[WhiteElo "2840"]
[BlackElo "2730"]
[Result "1/2-1/2"]
[Round "1"]
1.d4 d5
2.c4 e6
3.Ng1f3 Ng8f6
4.g3 Bf8b4
5.Bc1d2 Bb4e7
6.Bf1g2 c6
7.O-O O-O
8.Qd1c2 b6
9.Bd2f4 Bc8b7
10.Rf1d1 Nb8d7
11.Nf3e5 Nf6h5
12.Bf4d2 Nh5f6
13.Bd2f4 Nf6h5
14.Bf4d2 Nh5f6
15.cxd5 cxd5
16.Ne5c6 Bb7xc6
17.Qc2xc6 a6
18.Rd1c1 Ra8c8
19.Qc6xc8 Qd8xc8
20.Rc1xc8 Rf8xc8
21.Nb1c3 b5
22.Ra1c1 Nd7b6
23.Nc3d1 Rc8xc1
24.Bd2xc1 Nf6d7
{ draw }
1/2-1/2

[Event "Tourn. n8486"]
[Site "www.chess-mail.com"]
[Date "2016.01.22"]
[Round "1"]
[White "Wwgia"]
[Black "Cristiano"]
[WhiteElo "2230"]
[BlackElo "2180"]
[Result "1-0"]
[Round "1"]
1.d4 d5
2.c4 Ng8f6
3.cxd5 Nf6xd5
4.e4 Nd5f6
5.e5 Nf6d5
6.Nb1c3 a6
7.Bf1c4 e6
8.Ng1f3 Bf8e7
9.O-O b5
10.Bc4b3 Bc8b7
11.Qd1e2 c6
12.Nc3e4 Nb8d7
13.Bc1g5 O-O
14.Bg5xe7 Qd8xe7
15.Ne4d6 Ra8b8
16.Ra1c1 Bb7a8
17.Nf3d2 Nd7b6
18.Nd2e4 f5
19.Ne4c5 a5
20.a3 g6
21.Rf1d1 Kh8
22.Qe2d2 b4
23.a4 f4
24.Qd2e1 f3
25.g3 Nb6d7
26.Rd1d3 Nd7xc5
27.dxc5 Ba8b7
28.Qe1d1 Qe7g7
29.Rd3xf3 Rf8xf3
30.Qd1xf3 Bb7a6
31.Nd6e4 Rb8f8
32.Ne4f6 Qg7f7
33.Qf3e4 Ba6b7
34.f4 Nd5xf6
35.exf6 Qf7xf6
36.Qe4e5 Qf6xe5
37.fxe5 Rf8e8
38.Rc1d1 Re8e7
39.Rd1d6 Kg7
40.Rd6xe6 Re7xe6
41.Bb3xe6 h6
42.Kf2 g5
43.Ke3 Kg6
44.Ke4 Bb7a6
45.Be6d7 Ba6b7
46.Bd7e8 Kg7
47.Kf5 Bb7c8
48.e6 Bc8b7
49.Ke5 Kf8
50.Be8d7 Ke7
51.h4 gxh4
52.gxh4 Bb7a8
53.Kf5 Ba8b7
54.Kg6 Bb7a6
55.Kxh6 Ba6c4
56.Kg7 Bc4d3
57.h5 Bd3f5
58.h6 { resign }
1-0

[Event "Tourn. n8541"]
[Site "www.chess-mail.com"]
[Date "2016.01.22"]
[Round "1"]
[White "Guidom"]
[Black "Tonino1"]
[WhiteElo "2090"]
[BlackElo "2040"]
[Result "0-1"]
[Round "1"]
1.e4 c5
2.f4 Nb8c6
3.Ng1f3 d6
4.d3 Qd8b6
5.c4 g6
6.Nb1c3 e6
7.Bf1e2 Bf8g7
8.O-O Ng8e7
9.Kh1 O-O
10.a3 Nc6d4
11.Nf3xd4 cxd4
12.Nc3b1 f5
13.Be2f3 fxe4
14.Bf3xe4 Ne7f5
15.Be4xf5 Rf8xf5
16.Nb1d2 Bc8d7
17.Nd2e4 Ra8f8
18.b4 e5
19.g3 g5
20.Ne4xg5 exf4
21.Bc1xf4 h6
22.Ng5e4 Bd7c6
23.Qd1e2 Rf8e8
24.Ra1e1 d5
25.cxd5 Bc6xd5
26.Rf1f3 Qb6c6
27.Kg1 Re8e6
28.Re1c1 Qc6e8
29.Rc1e1 Qe8g6
30.Kf2 Qg6g4
31.Qe2f1 h5
32.h4 Bg7h6
33.Kg2 Bh6f8
34.Kh2 Bf8e7
35.Rf3f2 Be7xh4
36.gxh4 Qg4xh4
37.Qf1h3 Rf5xf4
38.Re1g1 Kh8
39.Rf2xf4 Qh4xf4
40.Qh3g3 Qf4xg3
41.Ne4xg3 h4
42.Ng3f5 Re6e2
43.Kh3 Bd5e6
44.Rg1f1 Re2e5
45.Kg4 Re5xf5
46.Rf1e1 Rf5e5
{ resign }
0-1

[Event "Tourn. n8544"]
[Site "www.chess-mail.com"]
[Date "2016.01.22"]
[Round "1"]
[White "Caspito"]
[Black "Roque1"]
[WhiteElo "1780"]
[BlackElo "1750"]
[Result "0-1"]
[Round "1"]
1.e4 c5
2.c3 Ng8f6
3.e5 Nf6d5
4.c4 Nd5f4
5.Qd1f3 Nf4g6
6.Qf3e3 e6
7.Ng1f3 Nb8c6
8.Bf1e2 d6
9.exd6 Bf8xd6
10.d3 Bc8d7
11.O-O Qd8b6
12.Nb1c3 Bd6f4
13.Qe3e4 f5
14.Nc3d5 Qb6a5
15.Bc1xf4 fxe4
16.Nd5c7 Ke7
17.Bf4g5 Kd6
18.Nc7b5 Qa5xb5
19.cxb5 Nc6d4
20.Nf3xd4 cxd4
21.dxe4 e5
22.Ra1c1 Ra8c8
23.a4 Rc8xc1
24.Rf1xc1 Rh8c8
25.Rc1xc8 Bd7xc8
26.Be2d3 Kc5
27.b3 Bc8e6
28.Bd3c2 Kb4
29.Bg5d8 Kc3
30.Bc2d1 Kd2
31.Bd1f3 Be6xb3
32.a5 a6
33.bxa6 bxa6
34.Bd8g5 Ke1
35.g3 d3
36.h4 d2
37.h5 Ng6h8
38.Bg5xd2 Kxd2
39.Kg2 Nh8f7
40.g4 Nf7d6
41.Kg3 Nd6c4
42.g5 Nc4xa5
43.Kg4 Na5c4
44.Kf5 a5
45.Bf3g4 a4
46.Ke6 Nc4e3
47.Kxe5 Ne3xg4
{ resign }
0-1

[Event "Tourn. n8596"]
[Site "www.chess-mail.com"]
[Date "2016.01.22"]
[Round "1"]
[White "Yangqi"]
[Black "Pimax"]
[WhiteElo "2630"]
[BlackElo "2270"]
[Result "1-0"]
[Round "1"]
1.e4 e5
2.f4 exf4
3.Ng1f3 g5
4.Nb1c3 g4
5.Nf3e5 Qd8h4
6.g3 fxg3
7.Qd1xg4 g2
8.Qg4xh4 gxh1Q
9.Qh4h5 Bf8c5
10.d4 Ng8e7
11.Qh5xf7 Kd8
12.Qf7f6 Rh8g8
13.dxc5 h6
14.Bc1xh6 b6
15.O-O-O Qh1g1
16.Nc3d5 Qg1xc5
17.Bh6f8 { resign }
1-0

[Event "Tourn. n8485"]
[Site "www.chess-mail.com"]
[Date "2016.01.22"]
[Round "1"]
[White "Wwgia"]
[Black "Tartan"]
[WhiteElo "2230"]
[BlackElo "2400"]
[Result "0-1"]
[Round "1"]
1.d4 Ng8f6
2.c4 e6
3.Ng1f3 Bf8b4
4.Nb1d2 d5
5.e3 O-O
6.a3 Bb4e7
7.b4 a5
8.b5 c5
9.Bc1b2 Nb8d7
10.Bf1e2 cxd4
11.exd4 dxc4
12.Nd2xc4 Nd7b6
13.Nc4e5 Nf6d5
14.O-O f6
15.Ne5d3 Nb6c4
16.Qd1b3 Nc4xb2
17.Qb3xb2 b6
18.Ra1c1 Qd8e8
19.Rc1c2 Bc8b7
20.Rf1e1 Qe8g6
21.Be2f1 Rf8c8
22.Re1xe6 Be7xa3
23.Rc2xc8 Bb7xc8
24.Qb2xa3 Bc8xe6
25.Qa3d6 Qg6e8
{ resign }
0-1

[Event "Match"]
[Site "www.echecsemail.com"]
[Date "2016.01.22"]
[Round "1"]
[White "Pinehill"]
[Black "Elogic"]
[WhiteElo "2050"]
[BlackElo "2089"]
[Result "0-1"]
[Round "1"]
1.e4 e5
2.d4 exd4
3.Bf1c4 Bf8b4
4.Bc1d2 Bb4xd2
5.Qd1xd2 c5
6.c3 Nb8c6
7.Ng1f3 Ng8f6
8.e5 dxc3
9.Nb1xc3 Nf6g4
10.Qd2d5 O-O
11.h3 Ng4xe5
12.Nf3xe5 Nc6xe5
13.O-O-O Ne5xc4
14.Qd5xc4 d6
15.Nc3e4 Bc8e6
16.Qc4a4 d5
17.Kb1 Be6d7
18.Rd1xd5 Bd7xa4
19.Rd5xd8 Ra8xd8
20.Ne4xc5 Rd8d1
{ resign }
0-1

[Event "Match"]
[Site "www.echecsemail.com"]
[Date "2016.01.22"]
[Round "1"]
[White "Paco"]
[Black "Roque1"]
[WhiteElo "1930"]
[BlackElo "1520"]
[Result "0-1"]
[Round "1"]
1.e4 c5
2.d4 cxd4
3.Qd1xd4 Nb8c6
4.Qd4a4 Ng8f6
5.Nb1c3 e6
6.Bc1e3 Bf8b4
7.O-O-O Bb4xc3
8.bxc3 d5
9.e5 Nf6e4
10.Qa4b3 O-O
11.f3 Qd8h4
12.Ng1h3 Nc6xe5
13.fxe4 Qh4xe4
14.Be3c5 Rf8d8
15.Nh3g5 Qe4f4
16.Kb1 Qf4xg5
17.Qb3a3 b6
18.Bc5e7 Qg5g4
19.Bf1b5 Bc8d7
20.Be7xd8 Ra8xd8
21.Bb5xd7 Rd8xd7
22.Qa3a6 Rd7c7
23.Rh1e1 Rc7xc3
24.Qa6xa7 Qg4b4
25.Ka1 Ne5c4
26.Rd1b1 Qb4c5
27.Qa7a8 Qc5f8
28.Qa8a6 Nc4a3
29.Rb1b3 Na3xc2
30.Kb2 Rc3xb3
31.Kxc2 Rb3a3
32.Qa6xb6 Ra3xa2
33.Kc3 Qf8c8
34.Kd4 Qc8c4
35.Ke5 f6
36.Kxe6 Ra2a6
37.Kd7 Ra6xb6
38.Re1e7 Qc4c6
{ resign }
0-1

[Event "Match"]
[Site "www.echecsemail.com"]
[Date "2016.01.22"]
[Round "1"]
[White "Susov"]
[Black "Duff"]
[WhiteElo "1880"]
[BlackElo "1720"]
[Result "1-0"]
[Round "1"]
1.e4 e5
2.Ng1f3 Nb8c6
3.Nb1c3 Ng8f6
4.Bf1c4 Bf8e7
5.d4 exd4
6.Nf3xd4 d6
7.h3 O-O
8.Bc1e3 Nc6e5
9.Bc4b3 c5
10.Nd4f3 Ne5xf3
11.Qd1xf3 Bc8d7
12.O-O-O b5
13.a3 a5
14.Bb3d5 Nf6xd5
15.Nc3xd5 b4
16.g4 bxa3
17.bxa3 Bd7e6
18.Kd2 Be6xd5
19.exd5 Be7f6
20.Ke2 Rf8e8
21.Rh1e1 Bf6g5
22.Kf1 h6
23.c4 Qd8f6
24.Qf3xf6 Bg5xf6
25.a4 Ra8b8
26.Rd1b1 Rb8b4
27.Be3d2 Rb4xa4
28.Re1xe8 { resign }
1-0

[Event "Match"]
[Site "www.echecsemail.com"]
[Date "2016.01.22"]
[Round "1"]
[White "Hundegana"]
[Black "Delacey"]
[WhiteElo "1950"]
[BlackElo "1990"]
[Result "0-1"]
[Round "1"]
1.c4 Ng8f6
2.d4 c5
3.dxc5 e5
4.b4 Bf8e7
5.Bc1b2 Nb8c6
6.a3 O-O
7.e3 e4
8.Ng1e2 Qd8c7
9.h3 Nc6e5
10.Bb2xe5 Qc7xe5
11.Ra1a2 d6
12.cxd6 Be7xd6
13.Ne2c3 Bc8e6
14.Ra2d2 Rf8d8
15.g3 Bd6e7
16.Nc3d5 Nf6xd5
17.cxd5 Be6xd5
18.Bf1e2 Bd5c6
19.O-O Rd8xd2
20.Qd1xd2 Ra8d8
21.Qd2c3 Qe5f5
22.Be2g4 Qf5g5
23.Qc3c1 h5
24.Bg4e2 Bc6d7
25.Kh2 h4
26.Rf1g1 hxg3
27.fxg3 Be7d6
28.Nb1c3 Qg5h6
29.Be2f1 Bd7f5
30.Nc3b5 Bd6b8
31.Nb5d4 Rd8xd4
32.Qc1c3 Rd4d1
33.Bf1g2 Rd1xg1
34.Kxg1 Bb8xg3
35.a4 Bf5xh3
36.Bg2xe4 Qh6g5
37.Kh1 Bg3f2
38.Qc3c1 Bf2xe3
39.Qc1d1 Qg5h4
40.Be4f3 Be3g5
41.Kg1 Bg5e3
42.Kh2 Bh3f1
{ resign }
0-1

[Event "1/32 Finale"]
[Site "www.chess-mail.com"]
[Date "2016.01.22"]
[Round "1"]
[White "Lino"]
[Black "Osopanda"]
[WhiteElo "2420"]
[BlackElo "1950"]
[Result "0-1"]
[Round "1"]
1.e4 c5
2.Ng1f3 d6
3.d4 cxd4
4.Nf3xd4 Ng8f6
5.Nb1c3 a6
6.Bc1e3 e5
7.Nd4b3 Bc8e6
8.f3 Nb8d7
 { time }
0-1

[Event "Tourn. n8567"]
[Site "www.chess-mail.com"]
[Date "2016.01.23"]
[Round "1"]
[White "Mitja"]
[Black "Genius5"]
[WhiteElo "1910"]
[BlackElo "1820"]
[Result "1-0"]
[Round "1"]
1.d4 d5
2.e3 Ng8f6
3.c3 c6
4.h3 g6
5.Ng1f3 Bf8g7
6.Nb1d2 O-O
7.Nd2b3 Nf6e4
8.Nb3d2 Ne4xd2
9.Qd1xd2 Nb8d7
10.Bf1e2 e5
11.dxe5 Nd7xe5
{ time. }
1-0

[Event "Tourn. n8571"]
[Site "www.chess-mail.com"]
[Date "2016.01.23"]
[Round "1"]
[White "Tonino1"]
[Black "Julian"]
[WhiteElo "2030"]
[BlackElo "1990"]
[Result "0-1"]
[Round "1"]
1.d4 Ng8f6
2.Ng1f3 d5
3.e3 c5
4.b3 Bc8g4
5.Bc1b2 cxd4
6.exd4 Nb8c6
7.Nb1d2 e6
8.a3 Bf8d6
9.Bf1d3 O-O
10.O-O e5
11.dxe5 Nc6xe5
12.Bd3e2 Ne5xf3
13.Nd2xf3 Rf8e8
14.Rf1e1 Ra8c8
15.c4 dxc4
16.Bb2xf6 Qd8xf6
17.Be2xc4 Re8xe1
18.Qd1xe1 Bg4xf3
19.gxf3 Qf6xf3
20.Qe1d1 Qf3f6
21.Qd1g4 Rc8f8
22.Ra1f1 Rf8d8
23.Rf1d1 Rd8e8
24.Bc4xf7 Kxf7
25.Qg4d7 Re8e7
26.Qd7xd6 Re7e1
27.Kg2 Qf6g5
28.Kf3 Re1xd1
29.Qd6c7 Qg5e7
{ resign }
0-1

[Event "Tourn. n8537"]
[Site "www.chess-mail.com"]
[Date "2016.01.23"]
[Round "1"]
[White "Genius7"]
[Black "Faerieking"]
[WhiteElo "2140"]
[BlackElo "2270"]
[Result "1/2-1/2"]
[Round "1"]
1.c4 Ng8f6
2.Nb1c3 e6
3.d4 Bf8b4
4.e3 O-O
5.Ng1e2 b6
6.a3 Bb4xc3
7.Ne2xc3 Bc8b7
8.Qd1c2 d6
9.b4 Nb8d7
10.Bc1b2 Qd8e7
11.f3 c5
12.b5 d5
13.O-O-O cxd4
14.exd4 dxc4
15.Bf1xc4 Rf8c8
16.Qc2b3 Nf6d5
17.Kb1 Nd7f6
18.Nc3xd5 Nf6xd5
19.Rd1d2 Rc8c7
20.Rh1c1 Ra8c8
21.Rd2c2 { draw }
1/2-1/2

[Event "Tourn. n8575"]
[Site "www.chess-mail.com"]
[Date "2016.01.23"]
[Round "1"]
[White "Faerieking"]
[Black "Tonino1"]
[WhiteElo "2180"]
[BlackElo "2130"]
[Result "0-1"]
[Round "1"]
1.e4 c5
2.d4 cxd4
3.c3 dxc3
4.Nb1xc3 Nb8c6
5.Ng1f3 d6
6.Bf1c4 e6
7.O-O Bf8e7
8.Qd1e2 Ng8f6
9.Rf1d1 Qd8b6
10.Bc1e3 Qb6a5
11.Nc3b5 Nf6xe4
12.a3 a6
13.b4 Qa5d8
14.Nb5d4 Ne4c3
15.Qe2c2 Nc3xd1
16.Ra1xd1 Bc8d7
17.Bc4a2 Ra8c8
{ resign }
0-1

[Event "Tourn. n8571"]
[Site "www.chess-mail.com"]
[Date "2016.01.23"]
[Round "1"]
[White "Mitja"]
[Black "Genius5"]
[WhiteElo "1910"]
[BlackElo "1820"]
[Result "1-0"]
[Round "1"]
1.d4 g6
2.e3 Bf8g7
3.c3 d5
4.h3 Ng8f6
5.Ng1f3 O-O
6.Nb1d2 b6
7.Nd2b3 Bc8b7
8.Bf1e2 Nf6e4
9.Nf3d2 Ne4xd2
10.Qd1xd2 Nb8d7
11.O-O e5
{ time. }
1-0

[Event "Tourn. n8515"]
[Site "www.chess-mail.com"]
[Date "2016.01.23"]
[Round "1"]
[White "Umzi"]
[Black "Genius7"]
[WhiteElo "2210"]
[BlackElo "2090"]
[Result "1/2-1/2"]
[Round "1"]
1.e4 g6
2.Ng1f3 Bf8g7
3.c3 d5
4.e5 Bc8g4
5.d4 e6
6.Bf1e2 Ng8e7
7.O-O O-O
8.Nb1d2 Nb8d7
9.h3 Bg4xf3
10.Nd2xf3 c5
11.g4 cxd4
12.cxd4 Qd8b6
13.b3 a5
14.Bc1e3 Ne7c6
15.Qd1d2 Rf8c8
16.Ra1c1 Nc6b4
17.Be3h6 Rc8c6
18.Rc1xc6 bxc6
19.Bh6xg7 Kxg7
20.h4 c5
21.dxc5 Nd7xc5
22.Rf1c1 Nc5e4
23.Qd2d4 Qb6xd4
24.Nf3xd4 Nb4xa2
25.Rc1c7 Kf8
{ draw }
1/2-1/2

[Event "Tourn. n8566"]
[Site "www.chess-mail.com"]
[Date "2016.01.23"]
[Round "1"]
[White "Francesco"]
[Black "Estonia"]
[WhiteElo "1990"]
[BlackElo "1960"]
[Result "1-0"]
[Round "1"]
1.e4 e5
2.Ng1f3 Nb8c6
3.Bf1b5 a6
4.Bb5a4 Ng8f6
5.O-O Bf8e7
6.Rf1e1 d6
7.d4 b5
8.Ba4b3 O-O
9.c3 Bc8g4
10.dxe5 Nc6xe5
11.Nb1d2 c5
12.h3 Ne5xf3
13.Nd2xf3 Bg4e6
14.Bb3xe6 fxe6
15.Bc1g5 h6
16.Bg5h4 Ra8a7
17.e5 Nf6d5
18.Bh4g3 Ra7d7
19.Qd1c2 Nd5f4
20.Ra1d1 d5
21.Qc2d2 Nf4xh3
22.gxh3 Rf8xf3
23.Kg2 Qd8f8
24.Kh2 Be7g5
25.Qd2c2 Bg5f4
26.Bg3xf4 Qf8xf4
27.Kg1 Rf3xh3
28.Qc2g6 Qf4h2
29.Kf1 Qh2h1
30.Ke2 Qh1f3
31.Kd2 Qf3xf2
32.Re1e2 Qf2f4
33.Kc2 Rh3g3
34.Qg6e8 Kh7
35.Qe8xd7 Qf4f5
36.Kc1 Qf5f4
37.Re2d2 Qf4xe5
38.Qd7a7 Qe5d6
39.Rd1f1 b4
40.cxb4 cxb4
41.Rf1f7 Qd6c5
42.Qa7xc5 { resign }
1-0

[Event "Tourn. n8376"]
[Site "www.chess-mail.com"]
[Date "2016.01.23"]
[Round "1"]
[White "Numanoid"]
[Black "Madz123456"]
[WhiteElo "2500"]
[BlackElo "2220"]
[Result "1/2-1/2"]
[Round "1"]
1.e4 c5
2.Ng1f3 d6
3.b4 cxb4
4.d4 Ng8f6
5.Bf1d3 e6
6.O-O Bf8e7
7.a3 Nb8c6
8.Rf1e1 d5
9.e5 Nf6d7
10.Nb1d2 Nd7b6
11.Bd3f1 Qd8c7
12.Re1e3 O-O
13.axb4 Be7xb4
14.c3 Bb4e7
15.Nf3e1 f6
16.exf6 Rf8xf6
17.Ne1f3 Be7d6
18.Bf1d3 Bc8d7
19.Bc1a3 Bd6f4
20.Re3e2 e5
21.dxe5 Nc6xe5
22.Nf3xe5 Bf4xe5
23.Nd2f3 Rf6xf3
24.gxf3 h6
25.Re2xe5 Qc7xe5
26.Ba3c5 Ra8e8
27.Bc5d4 Qe5g5
28.Kh1 Nb6c4
29.Qd1g1 Qg5xg1
30.Ra1xg1 Re8e7
31.Bd4xa7 { draw }
1/2-1/2

[Event "Tourn. n8571"]
[Site "www.chess-mail.com"]
[Date "2016.01.23"]
[Round "1"]
[White "Bojan"]
[Black "Genius5"]
[WhiteElo "2060"]
[BlackElo "1820"]
[Result "1-0"]
[Round "1"]
1.d4 f5
2.c4 Ng8f6
3.Bc1g5 e6
4.a3 Bf8e7
5.Qd1d3 O-O
6.Nb1d2 b6
7.e4 fxe4
8.Qd3h3 Bc8b7
9.Bf1e2 Qd8e8
10.f3 e3
11.Bg5xe3 d6
{ time. }
1-0

[Event "Tourn. n8503"]
[Site "www.chess-mail.com"]
[Date "2016.01.23"]
[Round "1"]
[White "Easychess"]
[Black "Sonny1000"]
[WhiteElo "1630"]
[BlackElo "1689"]
[Result "1-0"]
[Round "1"]
1.c4 e5
2.Nb1c3 c6
3.d4 d5
4.cxd5 cxd5
5.dxe5 Bf8b4
6.e3 Bb4xc3
7.bxc3 Nb8c6
8.f4 Qd8h4
9.g3 Bc8g4
10.Bf1e2 Bg4f5
11.gxh4 Bf5e4
12.Be2f3 Ra8d8
13.Ng1h3 Ng8f6
14.exf6 gxf6
15.Bc1a3 Nc6a5
16.Qd1a4 Na5c6
17.Bf3xe4 dxe4
18.Qa4xe4 Kd7
19.O-O-O Kc8
20.Rd1xd8 Rh8xd8
21.Rh1d1 Rd8h8
22.Qe4f5 Kc7
23.Rd1d7 Kc8
24.Rd7xf7 Kb8
25.Qf5d7 Nc6d8
26.Qd7c7 Ka8
27.Rf7d7 a5
28.Rd7xd8 Rh8xd8
29.Qc7xd8 Ka7
30.Ba3c5 Ka6
31.Qd8b6 { resign }
1-0

[Event "Tourn. n8564"]
[Site "www.chess-mail.com"]
[Date "2016.01.23"]
[Round "1"]
[White "Faerieking"]
[Black "Jose"]
[WhiteElo "2230"]
[BlackElo "2710"]
[Result "0-1"]
[Round "1"]
1.e4 c5
2.d4 cxd4
3.c3 dxc3
4.Nb1xc3 Nb8c6
5.Ng1f3 g6
6.Bf1c4 Bf8g7
7.O-O d6
8.h3 Ng8f6
9.Qd1e2 O-O
10.Rf1d1 Nf6d7
11.Bc1f4 Nd7e5
12.Nf3xe5 Nc6xe5
13.Bc4b3 Bc8e6
14.Bb3d5 Qd8d7
15.Ra1c1 Ra8c8
16.b3 Be6xh3
17.gxh3 Qd7xh3
18.Bf4g3 h5
19.Qe2e3 Bg7h6
20.Qe3e2 Bh6f4
21.Bg3xf4 Ne5f3
22.Qe2xf3 Qh3xf3
23.Bf4d2 e6
24.Bd5xb7 h4
25.Bb7a6 h3
26.Ba6f1 h2
27.Kxh2 Qf3xf2
{ resign }
0-1

[Event "Tourn. n8575"]
[Site "www.chess-mail.com"]
[Date "2016.01.23"]
[Round "1"]
[White "Umzi"]
[Black "Faerieking"]
[WhiteElo "2220"]
[BlackElo "2180"]
[Result "0-1"]
[Round "1"]
1.e4 d5
2.exd5 Ng8f6
3.Bf1b5 Nb8d7
4.c4 a6
5.Bb5xd7 Bc8xd7
6.Ng1f3 e6
7.dxe6 Bd7xe6
8.d3 Bf8b4
9.Nb1c3 Qd8e7
10.O-O O-O-O
11.a3 Bb4xc3
12.bxc3 Be6xc4
13.Rf1e1 Qe7c5
14.d4 Qc5a5
15.Qd1c2 h6
16.Ra1b1 Rh8e8
17.Re1e5 Rd8d5
18.Re5xe8 Nf6xe8
19.h3 Rd5d8
20.Nf3e5 Ne8d6
21.Rb1b4 Qa5d5
22.Bc1f4 g5
23.Bf4g3 b5
24.a4 c6
25.Qc2h7 a5
26.Ne5xc4 Nd6xc4
27.Rb4b1 Rd8e8
28.axb5 cxb5
29.Qh7xh6 Kb7
30.f3 a4
31.Qh6h7 Ka6
32.Rb1b4 a3
33.Qh7b1 Re8e2
34.Qb1a1 a2
35.Kf1 Re2c2
{ resign }
0-1

[Event "Tourn. n8567"]
[Site "www.chess-mail.com"]
[Date "2016.01.23"]
[Round "1"]
[White "Genius5"]
[Black "Bojan"]
[WhiteElo "1820"]
[BlackElo "2060"]
[Result "0-1"]
[Round "1"]
1.d4 d5
2.c4 dxc4
3.e4 b5
4.a4 c6
5.axb5 cxb5
6.b3 cxb3
7.Bf1xb5 Bc8d7
8.Qd1xb3 e6
9.Bb5xd7 Nb8xd7
10.Ng1f3 Ra8b8
11.Qb3a4 { time. }
0-1

[Event "Tourn. n8566"]
[Site "www.chess-mail.com"]
[Date "2016.01.23"]
[Round "1"]
[White "Genius5"]
[Black "Osopanda"]
[WhiteElo "1820"]
[BlackElo "1940"]
[Result "0-1"]
[Round "1"]
1.d4 d5
2.c4 c6
3.cxd5 cxd5
4.Nb1c3 Nb8c6
5.Ng1f3 Bc8g4
6.h3 Bg4f5
7.Qd1b3 e6
8.a3 Ra8b8
9.Bc1f4 Bf8d6
10.Bf4xd6 { time. }
0-1

[Event "Tourn. n8555"]
[Site "www.chess-mail.com"]
[Date "2016.01.23"]
[Round "1"]
[White "Terrible"]
[Black "Faerieking"]
[WhiteElo "2280"]
[BlackElo "2280"]
[Result "1/2-1/2"]
[Round "1"]
1.d4 d5
2.Ng1f3 Bc8f5
3.Bc1f4 c6
4.h3 h6
5.Nb1d2 Ng8f6
6.e3 e6
7.Bf1e2 Nb8d7
8.O-O Bf8e7
9.c4 dxc4
10.Nd2xc4 O-O
11.Nc4d6 Be7xd6
12.Bf4xd6 Rf8e8
13.Qd1b3 Qd8b6
14.Qb3xb6 Nd7xb6
15.Ra1c1 Ra8c8
16.Rf1d1 Nb6d5
17.Nf3d2 Re8d8
18.Bd6a3 Nf6e4
19.Be2f3 Ne4xd2
20.Rd1xd2 Bf5g6
21.Rd2d1 Rd8d7
22.Bf3xd5 { draw }
1/2-1/2

[Event "Tourn. n8493"]
[Site "www.chess-mail.com"]
[Date "2016.01.23"]
[Round "1"]
[White "Luban"]
[Black "Genius7"]
[WhiteElo "2030"]
[BlackElo "1950"]
[Result "0-1"]
[Round "1"]
1.d4 f5
2.g3 Ng8f6
3.Bf1g2 g6
4.c4 d6
5.Ng1f3 Bf8g7
6.Nb1c3 O-O
7.O-O c6
8.Bc1g5 Qd8e8
9.Bg5xf6 Bg7xf6
10.e4 Bf6g7
11.e5 dxe5
12.Nf3xe5 Nb8d7
13.f4 Nd7f6
14.Qd1a4 e6
15.Ra1d1 Nf6d7
16.Rf1e1 Nd7xe5
17.dxe5 Bc8d7
18.Rd1d2 Rf8f7
19.Re1d1 a6
20.Nc3e2 Ra8c8
21.Ne2d4 c5
22.Nd4b5 axb5
23.cxb5 Bd7xb5
24.Qa4c2 Rf7d7
25.Rd2xd7 Bb5xd7
26.Bg2xb7 Rc8c7
27.Bb7g2 g5
28.Qc2c4 gxf4
29.gxf4 Bd7c6
30.Rd1d6 Bc6xg2
31.Rd6xe6 Qe8f7
32.b3 Bg2e4
33.Kf2 Rc7d7
{ resign }
0-1